[Event "2nd Salamanca Festival 2019"]
[Site "Salamanca"]
[Date "2019.11.28"]
[Round "3.2"]
[White "Vega Gutierrez, Sabrina"]
[Black "Cyfka, Karina"]
[Result "1/2-1/2"]
[WhiteElo "2374"]
[BlackElo "2412"]
[Annotator "TA"]
[PlyCount "66"]
[EventDate "2019.11.27"]
[EventType "swiss"]
[EventCountry "ESP"]
[SourceTitle "playchess.com"]
[Source "ChessBase"]
[SourceQuality "1"]

{[%evp 17,66,32,18,0,0,0,12,12,12,18,0,0,0,0,0,0,18,32,29,14,13,10,11,0,0,0,0,0,0,0,10,0,0,0,0,0,7,0,0,0,0,-13,-5,-10,0,0,0,0,0,0,0]} 1. e4 e5 2. Nf3 Nf6 3. Nxe5 d6 4. Nf3 Nxe4 5. d4 d5 6. Bd3 Bd6 7. O-O O-O 8. c4 c6 9. Re1 Bf5 10. cxd5 {C42: Petroff Defence: 3 Nxe5 and unusual White 3rd moves} cxd5 11. Qb3 Qd7 12. Nc3 Nxc3 13. Bxf5 Qxf5 14. bxc3 Nd7 {[%cal Bb8d7,Bd7b6,Bb6c4][%mdl 32] [#]} 15. Ba3 $146 ({Predecessor:} 15. Qxb7 Nb6 16. Qa6 Nc4 17. Bg5 Rfb8 18. Qa4 {½-½ (29) Lastin,A (2639)-Landa,K (2615) Novokuznetsk 2008}) 15... Bxa3 16. Qxa3 Nb6 17. Re7 Nc4 18. Qa4 b6 {The position is equal.} 19. Rae1 a5 20. Qd7 Qxd7 21. Rxd7 Rad8 22. Ree7 Nd6 23. Ne5 Rxd7 24. Nxd7 $11 {[%mdl 4096] Endgame KRN-KRN} Rc8 25. Nxb6 Rb8 {[#] And now ...f6 would win.} 26. Ra7 $1 g6 (26... f6 {seems wilder.} 27. Ra6 Ne8 28. f3 Nc7 29. Ra7 Nb5) 27. Ra8 Rxa8 28. Nxa8 {aiming for Nc7. KN-KN} Nb5 29. Nb6 Nxc3 30. Kf1 $1 Kf8 {Black wants to play ...Ke7.} 31. Ke1 $1 Ke7 {next ...Kd6 is good for Black.} 32. Kd2 Ne4+ 33. Ke3 Kd6 {Accuracy: White = 72%, Black = 59%.} 1/2-1/2

[Event "2nd Salamanca Festival 2019"]
[Site "Salamanca"]
[Date "2019.11.28"]
[Round "3.3"]
[White "Milliet, Sophie"]
[Black "Ponomariov, Ruslan"]
[Result "0-1"]
[WhiteElo "2394"]
[BlackElo "2648"]
[Annotator "TA"]
[PlyCount "92"]
[EventDate "2019.11.27"]
[EventType "swiss"]
[EventCountry "ESP"]
[SourceTitle "playchess.com"]
[Source "ChessBase"]
[SourceQuality "1"]

{[%evp 9,92,21,28,23,35,35,42,38,41,23,20,25,38,47,92,34,92,34,86,33,36,25,25,23,32,17,23,16,18,-21,-18,-99,-89,-165,-169,-229,-225,-224,-241,-221,-2,-5,-17,-7,0,-3,0,-106,-102,-106,-107,-139,-67,-61,-28,-65,-54,-458,-408,-1017,-729,-722,-720,-2160,-2061,-1690,-1585,-1606,-1788,-1566,-1539,-1674,-1651,-1366,-1291,-29976,-29977,-29986,-29987,-29987,-29988,-29990,-29983,-29990,-29984]} 1. e4 c5 2. Nf3 Nc6 3. Bb5 g6 4. Bxc6 dxc6 5. d3 Qc7 6. O-O {B31: Sicilian: 2...Nc6 3 Bb5 g6} e5 7. a4 $146 ({Predecessor:} 7. Be3 Nf6 8. Qe1 Bg4 9. Nbd2 Nh5 10. a3 Be7 11. Qb1 Nf4 12. b4 Ne2+ 13. Kh1 {½-½ (68) Aronian,L (2752)-Carlsen,M (2875) Stavanger 2019}) 7... f6 8. a5 {White is slightly better.} Nh6 9. Nc3 Nf7 10. Be3 Rb8 11. Nd2 g5 12. Nc4 (12. Qh5 $16) 12... Be7 ({Black should try} 12... h5 $1 $14) 13. Qe2 (13. Qh5 $16) 13... O-O ({Black should play} 13... h5 $14) 14. f3 (14. h4 $16) 14... Nd8 $14 15. Qf2 Ne6 16. Ne2 b5 17. axb6 axb6 18. Ng3 Ng7 19. c3 Be6 20. b4 (20. Ra6 $11) 20... b5 $17 21. Na5 (21. Nb2 $17) 21... cxb4 $19 22. Bc5 (22. cxb4 {was necessary.} Bxb4 23. Bd2 Bxd2 24. Qxd2) 22... Bxc5 ({Don't do} 22... bxc3 23. Bxe7 Qxe7 24. Nxc6) 23. Qxc5 bxc3 24. Nxc6 Qb6 $2 ({Better is} 24... Rfc8 $19 25. Ra6 Kh8) 25. Qxb6 $1 $11 Rxb6 26. Nb4 Rc8 27. Rfc1 c2 28. Nf1 (28. Ra3 $11) 28... Bb3 $17 29. Ne3 {[%cal Re3c2]} Ne6 $36 {[%mdl 2048] Black is really pushing.} 30. Nf5 {[#] Threatens to win with Ne7+.} Kf8 (30... Rd8 $1 $17 {Strongly threatening ...Nf4.} 31. Kf1 Nf4) 31. Ra7 Rc7 32. Ra3 Ba4 $1 33. Nd5 $2 {[%mdl 8192] [#]} (33. Kf2 $15) 33... Nf4 $1 $19 {[%cal Rf4e2] And now ...Ne2+ would win.} 34. Kf1 (34. Raa1 $142 Ne2+ 35. Kf2 Nxc1 36. Rxc1) 34... Nxd5 35. exd5 b4 {[%cal Bb5b4,Bb4b3][%mdl 32]} 36. Rxa4 b3 37. Ra8+ Kf7 {White must now prevent ...b2.} 38. Nd6+ Rxd6 {[%mdl 4096] Endgame KRR-KRR} 39. Rb8 Rc3 40. Rb7+ Kg6 41. Ke2 Rxd5 42. g4 Rdxd3 {Black mates.} 43. Ra1 Re3+ 44. Kf2 Rxf3+ 45. Kg2 Rf4 46. h3 c1=Q {Accuracy: White = 27%, Black = 55%.} 0-1

[Event "2nd Salamanca Festival 2019"]
[Site "Salamanca"]
[Date "2019.11.28"]
[Round "3.4"]
[White "Iturrizaga Bonelli, Eduardo"]
[Black "Topalov, Veselin"]
[Result "1-0"]
[WhiteElo "2597"]
[BlackElo "2736"]
[Annotator "TA"]
[PlyCount "51"]
[EventDate "2019.11.27"]
[EventType "swiss"]
[EventCountry "ESP"]
[SourceTitle "playchess.com"]
[Source "ChessBase"]
[SourceQuality "1"]

{[%evp 9,51,11,10,8,16,8,9,0,27,25,43,36,32,25,29,0,88,79,70,72,106,100,209,207,192,201,210,220,679,680,697,695,600,581,1622,1560,29985,351,29986,29987,29988,1125,1095,1094]} 1. c4 Nf6 2. Nc3 e5 3. Nf3 Nc6 4. Qc2 Nd4 $146 ({Predecessor:} 4... g6 5. e3 Bg7 6. a3 O-O 7. h4 d6 8. Bd3 Bg4 9. Ng5 h6 10. Nge4 Nd7 11. f3 Be6 {½-½ (50) Xiong,J (2707)-Giri,A (2780) Khanty-Mansiysk 2019}) 5. Nxd4 exd4 6. Nd5 {A28: English Opening: Four Knights Variation} c6 7. Nxf6+ Qxf6 8. e3 {The position is equal.} Bc5 9. Bd3 d6 10. O-O a5 11. b3 dxe3 12. fxe3 Qh6 (12... Qxa1 $11 {keeps the balance.} 13. Bb2 Qxa2) 13. Bb2 $16 O-O 14. Rf3 f6 15. Raf1 Be6 (15... d5 $16) 16. Rg3 $1 $18 Rae8 17. Rff3 $1 Qh4 18. Kf1 h6 $2 ({Avoid the trap} 18... Qxh2 $2 19. Rh3 $1 $18 {[%mdl 512]}) (18... Re7 19. Rh3 Bxh3 20. Rxh3 Qg5) 19. Rf4 ({Less strong is} 19. Bh7+ Kh8 $16) 19... Qxh2 20. Bh7+ Kh8 21. Rxg7 $1 Qh1+ {[#]} 22. Kf2 $1 Kxg7 23. Qg6+ Kh8 {[#]} 24. Bg8 $1 {[%csl Gg8][%cal Rg6h7][%mdl 512]} Re7 (24... Bxg8 25. Rg4) 25. Rxf6 (25. Bxe6 $142 Bxe3+ 26. dxe3 Rg7 {[#]} 27. Rxf6 $1 {[%mdl 512]} Qh4+ 28. Kf3 Rxf6+ 29. Bxf6 Qxf6+ 30. Qxf6) 25... Qh4+ {[#]} 26. Kg1 $1 {[%mdl 512] Accuracy: White = 96%, Black = 15%.} 1-0

[Event "2nd Salamanca Festival 2019"]
[Site "Salamanca"]
[Date "2019.11.28"]
[Round "4.1"]
[White "Santos Ruiz, Miguel"]
[Black "Topalov, Veselin"]
[Result "0-1"]
[WhiteElo "2583"]
[BlackElo "2736"]
[Annotator "TA"]
[PlyCount "104"]
[EventDate "2019.11.27"]
[EventType "swiss"]
[EventCountry "ESP"]
[SourceTitle "playchess.com"]
[Source "ChessBase"]
[SourceQuality "1"]

{[%evp 11,104,16,24,26,27,12,28,0,0,0,11,0,0,0,0,0,0,-10,-23,-32,-12,-38,-48,-48,-52,-50,-47,-84,-80,-85,-83,-122,-116,-111,-117,-159,-109,-109,-109,-109,-102,-96,-88,-95,-88,-88,-88,-170,-115,-115,-115,-115,-102,-114,-90,-130,-91,-190,-158,-158,-110,-110,-107,-106,-110,-110,-110,-110,-110,-424,-421,-411,-411,-402,-353,-468,-454,-1394,-1364,-1419,-1735,-1755,-1747,-1837,-1773,-1852,-1801,-1692,-1668,-29974,-29975,-29972,-29972,-29966,-9687]} 1. d4 d5 2. c4 c6 3. cxd5 cxd5 4. Bf4 Nc6 5. e3 Nf6 6. Nc3 Bg4 7. Qb3 {D10: Slav Defence: 3 cxd5 (without early Nf3) and 3 Nc3} Na5 8. Qa4+ Bd7 9. Qd1 {White has an edge.} (9. Qc2 e6 10. Nf3 Be7 11. Bd3 Nc6 12. Qe2 Nh5 13. Be5 f6 14. Bg3 f5 15. Nd2 g6 {½-½ (29) Aronian,L (2756)-Yu,Y (2736) Riga 2019}) 9... e6 10. Bd3 Nc4 11. Qe2 Rc8 {White must now prevent ...Qa5.} 12. Nf3 Bb4 $36 {[%mdl 2048] Black has good play.} 13. Rc1 Ne4 $146 ({Predecessor:} 13... Qa5 14. O-O O-O 15. Bxc4 Rxc4 {0-1 (41) Gundavaa,B (2492)-Munguntuul,B (2428) Ulaanbaatar 2016}) 14. O-O Bxc3 15. bxc3 f6 16. Bxe4 dxe4 17. Nd2 Nxd2 18. Qxd2 Bb5 19. c4 Bxc4 20. Rfe1 O-O 21. Qb4 b5 ({Don't play} 21... Bxa2 $6 22. Qxb7 a5 23. Rc7 $11) 22. Rc2 a5 23. Qd2 h5 {[#] Threatens to win with ...g5.} 24. h4 a4 25. Qb4 Rc6 26. a3 Re8 27. Kh2 Kf7 28. Rh1 Qd7 29. Qd2 (29. Rhc1 $17 {is a better defense.}) 29... Rd8 (29... e5 $19 30. dxe5 Qxd2 31. Rxd2 fxe5) 30. Qa5 Rdc8 31. Rg1 Ke8 32. Rgc1 Qd8 33. Qe1 Kf7 34. f3 (34. Qb4 $17) 34... Qd5 35. Qg3 Bd3 36. Rxc6 Rxc6 37. Rxc6 Qxc6 38. Bd6 exf3 39. gxf3 Be2 40. Bc5 $2 {[%mdl 8192]} (40. Kg2 $17 {nothing else works.}) 40... Bxf3 $19 41. Kg1 Qe4 42. Kf2 Bg4 43. Qf4 Bf5 44. Qxe4 (44. Bb4 $142 Qc2+ 45. Kg3) 44... Bxe4 {[%mdl 4096] Endgame KB-KB} 45. Kg3 g5 46. Bb4 Kg6 47. Be7 Kf5 48. Kh3 Bd5 49. Kg3 Ke4 50. Kh3 g4+ {Black mates.} 51. Kg3 Kxe3 52. Bxf6 {[#]} b4 $1 {Accuracy: White = 41%, Black = 85%.} 0-1

[Event "2nd Salamanca Festival 2019"]
[Site "Salamanca"]
[Date "2019.11.28"]
[Round "4.2"]
[White "Ponomariov, Ruslan"]
[Black "Iturrizaga Bonelli, Eduardo"]
[Result "1/2-1/2"]
[WhiteElo "2648"]
[BlackElo "2597"]
[Annotator "TA"]
[PlyCount "70"]
[EventDate "2019.11.27"]
[EventType "swiss"]
[EventCountry "ESP"]
[SourceTitle "playchess.com"]
[Source "ChessBase"]
[SourceQuality "1"]

{[%evp 9,70,18,26,-29,-20,-26,-30,-35,-17,-30,-29,-35,-39,-46,-28,-29,-15,-29,0,-32,-12,-58,-69,-109,-30,-31,-15,-29,-13,-13,-18,-116,-31,-18,-31,-35,-34,-49,-31,-34,-34,-47,-53,-44,-48,-48,0,0,0,0,5,5,5,15,89,-65,0,0,87,-69,0,0,74]} 1. d4 Nf6 2. c4 e6 3. Nf3 Bb4+ 4. Bd2 a5 5. Nc3 b6 6. d5 {E11: Bogo-Indian} (6. e3 $142) 6... O-O $11 7. a3 $146 ({Predecessor:} 7. Qc2 Re8 8. O-O-O exd5 9. cxd5 Na6 10. e3 Nc5 11. h4 d6 12. Bc4 Bd7 13. Nd4 {1-0 (59) Mamedyarov,S (2753)-Vitiugov,N (2734) Khanty-Mansiysk 2013}) 7... Bxc3 8. Bxc3 {Black has an edge.} Ne4 9. Rc1 d6 10. e3 e5 11. Bd3 Nxc3 12. Rxc3 a4 13. Bc2 Bd7 14. h4 h6 15. Ng5 Na6 ({Avoid the trap} 15... hxg5 $2 {[#]} 16. Bh7+ $1 {[%mdl 512]} Kh8 17. Qh5 $18) 16. Qb1 f5 ({And not} 16... hxg5 17. Bh7+ Kh8 18. hxg5 $16) (16... Qe7 $17) 17. Ne6 Bxe6 $1 18. dxe6 Nc5 {Black wants to play ...e4.} 19. Bxf5 Qf6 20. Bh7+ Kh8 21. f3 $1 Qxe6 22. Be4 Rab8 23. Bd5 Qe8 24. O-O Qe7 25. g3 Qd7 26. Kg2 c6 27. Be4 $1 d5 28. cxd5 cxd5 29. Rd1 d4 30. exd4 exd4 31. Rc4 Rbd8 (31... Nb3 $11) 32. Rd2 $2 {[#]} (32. Rdxd4 $16 Qxd4 33. Rxd4 Rxd4 34. Qe1) 32... Nb3 $2 (32... d3 $15 {stays ahead.}) 33. Rd1 $16 Nc5 34. Rd2 $2 ({White should try} 34. Rdxd4 $16 Qxd4 35. Rxd4 Rxd4 36. Bf5) 34... Nb3 (34... d3 $15) 35. Rd1 Nc5 {Accuracy: White = 30%, Black = 62%.} 1/2-1/2

[Event "2nd Salamanca Festival 2019"]
[Site "Salamanca"]
[Date "2019.11.28"]
[Round "4.3"]
[White "Cyfka, Karina"]
[Black "Milliet, Sophie"]
[Result "1/2-1/2"]
[WhiteElo "2412"]
[BlackElo "2394"]
[Annotator "TA"]
[PlyCount "82"]
[EventDate "2019.11.27"]
[EventType "swiss"]
[EventCountry "ESP"]
[SourceTitle "playchess.com"]
[Source "ChessBase"]
[SourceQuality "1"]

{[%evp 19,82,67,60,56,90,40,27,25,69,61,63,-16,120,127,124,104,124,114,83,83,68,72,82,68,93,33,29,50,67,66,83,89,86,76,108,92,130,113,152,183,185,184,172,0,95,41,58,0,30,0,16,0,0,0,13,0,0,0,10,10,8,12,89,-94,-47]} 1. d4 Nf6 2. c4 c5 3. d5 g6 4. Nc3 Bg7 5. e4 d6 6. h3 O-O 7. Nf3 e6 8. Bd3 Na6 9. O-O Nc7 10. Re1 Re8 11. Bf4 {E90: King's Indian: Classical: Early deviations and 6 h3} b5 12. Bxd6 $146 {[%mdl 64] Remove Defender, Decoy} ({Predecessor:} 12. e5 dxe5 13. Nxe5 exd5 14. Nc6 Qd7 15. Rxe8+ Nfxe8 16. cxb5 c4 17. Bf1 d4 18. Na4 Nxb5 {0-1 (80) Gunina,V (2533)-Cmilyte,V (2525) Konya 2012}) 12... Qxd6 13. e5 {[%mdl 64] Double Attack. White has an edge.} Qd8 {[%cal Re6d5]} 14. d6 bxc4 15. exf6 (15. dxc7 $14 Qxd3 16. exf6 Bxf6 17. Ne4) 15... Qxd6 (15... cxd3 $11 16. fxg7 (16. dxc7 Qxf6 17. Qxd3 Bb7 $11) 16... Qxd6) 16. Be4 $16 {[%mdl 64] Discovered Attack} ({Much worse is} 16. fxg7 $6 cxd3 17. Ne4 Qe7 $11) (16. Bxc4 $6 Qxd1 17. Raxd1 Bxf6 $11) 16... Qxd1 17. Raxd1 ({Don't play} 17. Rexd1 $6 Bxf6 18. Bxa8 Nxa8 $11) 17... Bxf6 {aiming for ...Rb8.} 18. Bxa8 Nxa8 19. Ne5 Nb6 20. Nb5 Bb7 21. Nd6 ({Of course not} 21. Nxa7 $6 Ra8 $11) 21... Rb8 22. Nxb7 (22. Ndxf7 $16 Bd5 23. Nd6) 22... Rxb7 $14 23. Rc1 Nd5 24. Nxc4 Bd4 25. b3 Nb4 {[#]} 26. Re2 $1 Rd7 27. g3 Nc6 28. Kg2 e5 29. Nd2 f5 {[#]} 30. Nf3 $1 Rd6 31. Nd2 $2 ({White should play} 31. Nxd4 $18 cxd4 32. Rec2) 31... e4 (31... Rd7 $11) 32. Nf1 (32. Nc4 $16 Re6 33. a3) 32... Nb4 33. Rd1 ({White should try} 33. f3 $14) 33... Ra6 (33... Nd5 $5 {[%cal Rd5c3]}) 34. Rdd2 Nd5 35. Rc2 Nb4 36. Rcd2 Nd5 37. Rc2 Nb4 $36 {[%mdl 2048] Black is more active.} 38. Rcd2 Nd3 39. f3 Nc1 $1 {[%cal Rc1e2]} 40. Re1 Nxa2 (40... exf3+ $11 {remains equal.} 41. Kxf3 Nxa2) 41. Ree2 $2 (41. fxe4 $16 {stays on course.} fxe4 42. Rxe4) 41... Nc1 {Accuracy: White = 42%, Black = 28%.} 1/2-1/2

[Event "2nd Salamanca Festival 2019"]
[Site "Salamanca"]
[Date "2019.11.28"]
[Round "4.4"]
[White "Hou, Yifan"]
[Black "Vega Gutierrez, Sabrina"]
[Result "0-1"]
[WhiteElo "2659"]
[BlackElo "2374"]
[Annotator "TA"]
[PlyCount "88"]
[EventDate "2019.11.27"]
[EventType "swiss"]
[EventCountry "ESP"]
[SourceTitle "playchess.com"]
[Source "ChessBase"]
[SourceQuality "1"]

{[%evp 9,88,10,13,0,0,0,4,0,0,0,39,-14,-10,-26,-10,-29,-18,-58,-52,-48,-29,-69,-53,-54,-56,-35,-29,-58,-8,-8,-9,-59,-58,-138,-120,-133,-117,-113,-36,-31,-22,-63,-63,-68,-30,-22,0,0,16,8,8,0,7,0,5,0,25,30,57,70,80,46,75,12,88,86,85,88,91,47,114,42,40,0,0,0,0,0,0,-29997,-29998]} 1. Nf3 d5 2. e3 Nf6 3. c4 e6 4. b3 Be7 5. Bb2 O-O 6. Qc2 {A13: English Opening: 1...e6} c5 (6... dxc4 7. Bxc4 c5 8. Nc3 Nc6 9. O-O b6 10. Rfd1 Bb7 11. d4 cxd4 12. Nxd4 Nxd4 13. Rxd4 Qc8 {½-½ (51) Vachier Lagrave,M (2774)-Wei,Y (2721) chess.com INT 2019}) 7. cxd5 Nxd5 8. Nc3 {The position is equal.} Nc6 9. h4 Nxc3 10. Bxc3 $146 (10. dxc3 $14 h6 11. Rd1) ({Predecessor:} 10. dxc3 f5 11. Rd1 Qe8 12. g4 fxg4 13. Ng5 Qh5 14. Bg2 Ne5 15. c4 Nf3+ 16. Bxf3 gxf3 {1-0 (28) Cornette,M (2620)-Niemi,K (2350) Fagernes 2018}) 10... Nb4 $11 11. Qb1 Nd5 12. Ng5 {[%csl Gg5][%cal Rb1h7]} f5 13. Bb2 Bf6 14. Bc4 Bd7 15. e4 Bxb2 16. Qxb2 fxe4 17. Qe5 Rf5 18. Qd6 Qc7 (18... Kh8 {looks sharper.} 19. O-O Nf4 20. d3 Rxg5 21. hxg5 Qxg5 22. g3 Nh3+) 19. Qxc7 Nxc7 20. Nxe4 Bc6 21. Ng3 (21. f3 $15) 21... Re5+ $17 22. Kf1 {[#]} Rd8 $1 23. Rd1 Bb5 (23... Nd5 $17 24. a4 Nb6) 24. f3 $15 Red5 25. Ne4 b6 26. Ke2 Bxc4+ 27. bxc4 Rd3 28. a4 e5 29. a5 Ne6 30. axb6 axb6 31. Rb1 Nf4+ 32. Kf1 R8d4 33. Rxb6 Rxc4 {Strongly threatening ...Rc1+.} 34. Kf2 h6 35. Rb8+ Kh7 36. Ra1 ({White should play} 36. Rhb1 $16) 36... Rd7 {[#]} (36... Rxe4 $1 $11 37. fxe4 Rxd2+ 38. Kf3 Rd3+ 39. Kg4 Nxg2) 37. Raa8 $1 $16 {And now Rh8+ would win.} Kg6 38. Ra6+ Kh7 39. g3 Nh5 (39... Nd3+ $14 40. Ke2 Rb4) 40. g4 (40. Ke3 $16) 40... Nf6 $1 $14 {[%cal Rf6e4]} 41. Rxf6 Rxe4 $1 42. Rff8 Rxd2+ 43. Kg3 {Threatening mate with h5.} Ree2 {( -> ...Rg2+)} 44. h5 $2 {[%mdl 8192]} (44. Rh8+ $11 Kg6 45. Rb6+ Kf7 46. g5 hxg5 47. h5) 44... Rg2+ {Accuracy: White = 48%, Black = 54%.} 0-1

[Event "2nd Salamanca Festival 2019"]
[Site "Salamanca"]
[Date "2019.11.29"]
[Round "5.1"]
[White "Vega Gutierrez, Sabrina"]
[Black "Santos Ruiz, Miguel"]
[Result "0-1"]
[WhiteElo "2374"]
[BlackElo "2583"]
[Annotator "RC"]
[PlyCount "120"]
[EventDate "2019.11.27"]
[EventType "swiss"]
[EventCountry "ESP"]
[SourceTitle "playchess.com"]
[Source "ChessBase"]
[SourceQuality "1"]
[TimeControl "2400+5"]

1. e4 {[%emt 0:00:00]} e6 {[%emt 0:00:00]} 2. Qe2 {[%emt 0:00:56]} c5 {[%emt 0:00:05]} 3. Nf3 {[%emt 0:00:12]} Nc6 {[%emt 0:00:10]} 4. c3 {[%emt 0:00:04]} d5 {[%emt 0:00:05]} 5. d3 {[%emt 0:00:07]} e5 {[%emt 0:00:11]} 6. g3 {[%emt 0:02:42]} d4 {[%emt 0:00:04]} 7. Bg2 {[%emt 0:00:45]} Bd6 {[%emt 0:00:03]} 8. O-O {[%emt 0:00:06]} Nge7 {[%emt 0:00:02]} 9. Na3 {[%emt 0:00:32]} Ng6 {[%emt 0:01:03]} 10. Ne1 {[%emt 0:01:32]} O-O {[%emt 0:00:59]} 11. h4 {[%emt 0:00:30]} Re8 {[%emt 0:00:43]} 12. h5 {[%emt 0:00:05]} Nf8 {[%emt 0:00:02]} 13. f4 {[%emt 0:05:35]} h6 {[%emt 0:04:04]} 14. f5 {[%emt 0:05:26]} f6 {[%emt 0:03:26]} 15. Nf3 {[%emt 0:00:19]} Rb8 {[%emt 0:00:11]} 16. Nc4 {[%emt 0:02:10]} Bc7 {[%emt 0:00:58]} 17. a4 {[%emt 0:04:52]} a6 {[%emt 0:00:27]} 18. Nh4 {[%emt 0:01:07]} b5 {[%emt 0:00:10]} 19. axb5 {[%emt 0:00:57]} axb5 {[%emt 0:00:02]} 20. Nd2 {[%emt 0:00:01]} dxc3 {[%emt 0:02:26]} 21. bxc3 {[%emt 0:00:02]} Qd6 {[%emt 0:00:23]} 22. Ndf3 {[%emt 0:00:33]} Qd7 {[%emt 0:03:14]} 23. Be3 {[%emt 0:00:11]} Bd6 {[%emt 0:00:02]} 24. Nh2 {[%emt 0:00:17]} b4 {[%emt 0:01:24]} 25. cxb4 {[%emt 0:02:21]} cxb4 {[%emt 0:01:07]} 26. Ng4 {[%emt 0:00:02]} Nh7 {[%emt 0:00:03]} 27. d4 {[%emt 0:07:17]} Ng5 {[%emt 0:01:46]} 28. Qc4+ {[%emt 0:00:21]} Kh7 {[%emt 0:00:03]} 29. d5 {[%emt 0:00:14]} Nd4 {[%emt 0:00:03]} 30. Bxd4 {[%emt 0:01:18]} exd4 {[%emt 0:00:02]} 31. Qxd4 {[%emt 0:00:07]} Nxe4 {[%emt 0:02:48]} 32. Bxe4 {[%emt 0:01:07]} Qe7 {[%emt 0:00:01]} 33. Nf2 {[%emt 0:00:36]} Bc5 {[%emt 0:00:10]} 34. Qc4 {[%emt 0:00:08]} Bxf2+ {[%emt 0:00:22]} 35. Rxf2 {[%emt 0:00:01]} Qxe4 {[%emt 0:00:02]} 36. Qxe4 {[%emt 0:00:02]} Rxe4 {[%emt 0:00:01]} 37. Rd2 {[%emt 0:00:16]} b3 {[%emt 0:00:15]} 38. d6 {[%emt 0:00:08]} Rc4 {[%emt 0:01:43]} 39. Rb1 {[%emt 0:00:01]} Rc2 {[%emt 0:00:02]} 40. Rdd1 {[%emt 0:00:11]} b2 {[%emt 0:00:09]} 41. Nf3 {[%emt 0:00:04]} Bxf5 {[%emt 0:00:44]} 42. Nd4 {[%emt 0:00:01]} Rd2 {[%emt 0:00:01]} 43. Nxf5 {[%emt 0:00:13]} Rxd1+ {[%emt 0:00:03]} 44. Rxd1 {[%emt 0:00:01]} b1=Q {[%emt 0:00:04]} 45. Rxb1 {[%emt 0:00:05]} Rxb1+ {[%emt 0:00:01]} 46. Kf2 {[%emt 0:00:01]} Kg8 {[%emt 0:00:52]} 47. Ke3 {[%emt 0:00:10]} Kf7 {[%emt 0:00:54]} 48. g4 {[%emt 0:00:01]} Rd1 {[%emt 0:00:47]} 49. Kf4 {[%emt 0:00:06]} Re1 {[%emt 0:01:14]} 50. Kf3 {[%emt 0:00:01]} Re5 {[%emt 0:00:32]} 51. Kf4 {[%emt 0:00:01]} Re8 {[%emt 0:00:54]} 52. Kf3 {[%emt 0:00:09]} Re1 {[%emt 0:00:13]} 53. Kf4 {[%emt 0:00:01]} g5+ {[%emt 0:01:41]} 54. Kf3 {[%emt 0:00:17]} Rf1+ {[%emt 0:01:42]} 55. Ke4 {[%emt 0:00:02]} Rf4+ {[%emt 0:00:01]} 56. Kd5 {[%emt 0:00:01]} Rxf5+ {[%emt 0:00:01]} 57. gxf5 {[%emt 0:00:01]} Ke8 {[%emt 0:00:01]} 58. Ke6 {[%emt 0:00:07]} g4 {[%emt 0:00:01]} 59. Kxf6 {[%emt 0:00:14]} g3 {[%emt 0:00:01]} 60. Ke6 {[%emt 0:00:06]} g2 {[%emt 0:00:02]} 0-1

[Event "2nd Salamanca Festival 2019"]
[Site "Salamanca"]
[Date "2019.11.29"]
[Round "5.2"]
[White "Milliet, Sophie"]
[Black "Hou, Yifan"]
[Result "0-1"]
[WhiteElo "2394"]
[BlackElo "2659"]
[Annotator "TA"]
[PlyCount "26"]
[EventDate "2019.11.27"]
[EventType "swiss"]
[EventCountry "ESP"]
[SourceTitle "playchess.com"]
[Source "ChessBase"]
[SourceQuality "1"]

{[%evp 9,80,0,3,-4,-11,-35,-32,-68,-41,-45,-48,-37,-36,-37,-40,-47,-20,-73,-17,-52,-39,-97,-57,-112,-78,-147,-144,-148,-157,-154,-152,-137,-154,-460,-454,-449,-465,-504,-488,-505,-486,-466,-300,-272,-211,-379,-369,-361,-334,-521,-513,-914,-905,-911,-831,-824,-801,-939,-925,-873,-862,-2494,-2140,-5790,-5976,-5500,-5564,-2801,-733,-2746,-2266,-5227,-1195]} 1. e4 c5 2. Nf3 e6 3. g3 Nc6 4. Bg2 Nf6 5. Qe2 Be7 6. O-O {C00: French: Unusual White 2nd moves} (6. e5 Nd5 7. O-O d6 8. exd6 Qxd6 9. Rd1 Nc7 10. d4 cxd4 11. Bf4 Qd8 12. Ne5 Nd5 13. Nxc6 bxc6 {1-0 (66) Vachier Lagrave,M (2774)-Yu,Y (2763) Khanty-Mansiysk 2019}) 6... d5 7. e5 Nd7 $1 8. d3 {Black is slightly better.} b5 9. a4 b4 10. c4 bxc3 11. bxc3 O-O 12. h4 $146 ({Predecessor:} 12. Re1 Rb8 13. c4 dxc4 14. dxc4 {0-1 (43) Vianin,P (2113)-Kaczmarczyk,D (2432) Switzerland 2018}) 12... Rb8 13. h5 (13. c4 $11 {keeps the balance.}) 13... h6 {Played: Bc8-a6} 0-1